Esbozos y rasguños / (Record no. 161728)

MARC details
000 -LEADER
campo de control de longitud fija 00838nam a2200217 i 4500
001 - NÚMERO DE CONTROL
campo de control 161728
003 - IDENTIFICADOR DE NÚMERO DE CONTROL
campo de control ES-MaACL
005 - FECHA Y HORA DE LA ÚLTIMA TRANSACCIÓN
campo de control 20240522063057.0
008 - DATOS DE LONGITUD FIJA--INFORMACIÓN GENERAL
campo de control de longitud fija 940301s1887 sp |||| | spa d
100 1# - ENTRADA PRINCIPAL--NOMBRE DE PERSONA
Nombre de persona Pereda, José María de,
Fechas asociadas al nombre 1833-1906
9 (RLIN) 90447
245 10 - MENCIÓN DEL TÍTULO
Título Esbozos y rasguños /
Mención de responsabilidad, etc. José M. de Pereda.
260 ## - PUBLICACIÓN, DISTRIBUCIÓN, ETC.
Lugar de publicación, distribución, etc. Madrid :
Nombre del editor, distribuidor, etc. [s.n.],
Fecha de publicación, distribución, etc. 1887 (
Fabricante Imp. y Fundición de Tello)
300 ## - DESCRIPCIÓN FÍSICA
Extensión 381 p. ;
Dimensiones 18 cm.
490 1# - MENCIÓN DE SERIE
Mención de serie Obras completas de D. Jose Maria de Pereda ;
Designación de volumen o secuencia 7
530 ## - NOTA DISPONIBLE DE FORMULARIO FÍSICO ADICIONAL
Nota de formato físico adicional disponible Disponible en formato digital.
800 ## - PUNTO DE ACCESO ADICIONAL DE SERIE--NOMBRE DE PERSONA
9 (RLIN) 236483
Nombre de persona Pereda, José María de,
Fechas asociadas al nombre 1833-1906.
Título de la obra Obras ;
Designación de volumen o secuencia 7
852 ## - LOCALIZACIÓN
Ubicación ES-MaACL
Número de control de estantería B-3694
Nota libre Encuadernación holandesa
856 ## - LOCALIZACIÓN Y ACCESO ELECTRÓNICOS
Identificador Uniforme de Recursos <a href="http://bdh-rd.bne.es/viewer.vm?id=0000205039&page=1 ">http://bdh-rd.bne.es/viewer.vm?id=0000205039&page=1 </a>
Texto de enlace Versión en línea
Nota pública Biblioteca Digital Hispánica
942 ## - ELEMENTOS DE ENTRADA SECUNDARIOS (KOHA)
Fuente del sistema de clasificación o colocación Clasificación decimal universal
Holdings
Estatus retirado Estado de pérdida Fuente del sistema de clasificación o colocación Estado de daño No para préstamo Colección Biblioteca de origen Biblioteca actual Ubicación en estantería Fecha de adquisición Total de préstamos Signatura topográfica completa Código de barras Visto por última vez Precio de reemplazo Tipo de ítem Koha
    Clasificación decimal universal     Libros del s. XIX Biblioteca del Ateneo de Madrid Biblioteca del Ateneo de Madrid Sala Pardo Bazán 17/01/2008   B-3694 1169411 23/02/2023 23/02/2023 Libro impreso antiguo